[Event "Challenge"]
[Site "http://www.queenalice.com/game.php?id=1031968"]
[Date "2012.2.21"]
[Round "-"]
[White "wvulcanis"]
[Black "Mike36bh"]
[Result "0-1"]
[WhiteElo "1630"]
[BlackElo "1758"]

1. d4 d5 2. Nf3 h6 3. Nc3 Nf6 4. g3 Nc6 5. Bg2 Bg4 6. O-O e6 7. a3 a6 8. b4 b5
9. Re1 Be7 10. h3 Bxf3 11. Bxf3 Qd7 12. e4 dxe4 13. Nxe4 O-O 14. Nxf6+ Bxf6 15.
c3 e5 16. dxe5 Qxd1 17. Rxd1 Bxe5 18. Bxc6 Rac8 19. Rd3 f5 20. f4 Bf6 21. Be3
Kh8 22. Rad1 Kg8 23. Bb7 Rb8 24. Bxa6 c6 25. Rd6 Bxc3 26. Rxc6 Ra8 27. Bxb5 Rxa3
28. Bc5 Rb8 29. Bc4+ Kh8 30. b5 Ra4 31. Bd3 Bf6 32. Bxf5 Kg8 33. b6 Rc4 34. Be4
Rxe4 35. Rc7 Ree8 36. Bd4 Bxd4+ 37. Rxd4 Rxb6 38. Rdd7 Rg6 39. Kg2 Kh8 40. Kf3
Rg8 41. h4 Kh7 42. h5 Ra6 43. Kg4 Rb6 44. Rf7 Rb4 45. Kh4 Rd4 46. g4 Rd1 47. g5
Rh1+ 48. Kg4 Rg1+ 49. Kf5 hxg5 50. fxg5 Rf1+ 51. Ke6 Rd1 52. Rf6 Re8+ 53. Kf7
Rde1 54. h6 gxf6 55. Kxf6+ Kh8 56. h7 Rf1+ 57. Kg6 Re6+ 58. Kh5 Rh1+ 59. Kg4
Rxh7 60. Rxh7+ Kxh7 61. Kf5 Ra6 62. Kf4 Kg6 63. Kg4 Ra5 64. Kf4 Rxg5 65. Ke4 Kf6
66. Kf4 Rf5+ 67. Ke4 Kg5 68. Kd4 Kf4 69. Kc4 Ke4 70. Kc3 Rc5+ 71. Kd2 Rc4 0-1

[Event "Challenge"]
[Site "http://www.queenalice.com/game.php?id=1034426"]
[Date "2012.2.29"]
[Round "-"]
[White "Mike36bh"]
[Black "Sigmund"]
[Result "1-0"]
[WhiteElo "1798"]
[BlackElo "1784"]

1. d4 d5 2. Nc3 Nf6 3. Bf4 a6 4. h3 e6 5. a3 Bd6 6. Bxd6 Qxd6 7. Nf3 O-O 8. e3
Nc6 9. Bd3 Na5 10. O-O b5 11. b4 Nc4 12. Bxc4 bxc4 13. b5 axb5 14. Nxb5 Qd7 15.
Nc3 Ne4 16. Nxe4 dxe4 17. Ne5 Qb5 18. c3 f6 19. Ng4 f5 20. Ne5 Qb2 21. Nxc4 Qxc3
22. Rc1 Qd3 23. Ne5 Qxa3 24. Rxc7 Ba6 25. Re1 Qd6 26. Rc6 Qe7 27. Qb3 Rf6 28.
Qa2 Qb7 29. Rb1 Bb5 30. Rxb5 Rxa2 31. Rxb7 h6 32. Rb1 f4 33. exf4 Rxf4 34. Rf1
Rd2 35. Rd6 Kh7 36. Nc4 Rd3 37. Ne3 Rf6 38. Ng4 Rf5 39. Rxe6 Rxd4 40. Re7 h5 41.
Ne3 Rg5 42. Rf7 Kg6 43. Rc7 h4 44. Re1 Kh6 45. Rf7 Kg6 46. Rf4 Kh5 47. Nc2 Rc4
48. Ne3 Rb4 49. Rc1 Rgb5 50. Rc4 Rxc4 51. Nxc4 Rb1+ 52. Kh2 Re1 53. Ne3 Re2 54.
f3 Rxe3 55. fxe4 g5 56. Rg4 Kg6 57. Kg1 Rg3 58. Kh2 Rxg4 59. hxg4 Kf6 60. g3 Ke5
61. gxh4 Kxe4 62. hxg5 Ke5 63. Kh3 Ke6 64. Kh4 Kf7 65. Kh5 Kg7 66. g6 Kg8 67.
Kh6 Kh8 68. g5 Kg8 69. g7 1-0

[Event "Challenge"]
[Site "http://www.queenalice.com/game.php?id=1034427"]
[Date "2012.2.29"]
[Round "-"]
[White "Sigmund"]
[Black "Mike36bh"]
[Result "1-0"]
[WhiteElo "1790"]
[BlackElo "1739"]

1. e4 e5 2. d4 exd4 3. Nf3 Nc6 4. Bc4 h6 5. Nxd4 Ne5 6. Nd2 Nf6 7. N2f3 Nxc4 8.
O-O d6 9. h3 Nxe4 10. c3 Be7 11. Qa4+ c6 12. Qxc4 d5 13. Qe2 b5 14. Ne5 Bb7 15.
Qf3 O-O 16. Nf5 Bg5 17. Bxg5 Nxg5 18. Qg4 Qc7 19. Nf3 Nxf3+ 20. gxf3 f6 21. Kh1
Bc8 22. Nxh6+ Kh8 23. Qh5 gxh6 24. Qxh6+ Qh7 25. Qxf8+ Qg8 26. Qxf6+ Qg7 27.
Qxc6 Bb7 28. Qe6 d4 29. Rg1 Bxf3+ 30. Kh2 Qc7+ 31. Rg3 Qf4 32. Rg1 d3 33. h4 d2
34. Kh3 Bd5 35. Rg8+ Rxg8 36. Rxg8+ Kh7 37. Qg6# 1-0

[Event "Challenge"]
[Site "http://www.queenalice.com/game.php?id=1036481"]
[Date "2012.3.6"]
[Round "-"]
[White "plot24"]
[Black "Mike36bh"]
[Result "1-0"]
[WhiteElo "1887"]
[BlackElo "1749"]

1. d4 d5 2. c4 dxc4 3. e4 e6 4. Bxc4 Be7 5. Nc3 a6 6. Nge2 Nf6 7. O-O O-O 8. Nf4
Nc6 9. e5 Nd7 10. Re1 b5 11. Bd3 Nxd4 12. Bxh7+ Kxh7 13. Qxd4 Bc5 14. Qe4+ f5
15. exf6+ 1-0

[Event "Challenge"]
[Site "http://www.queenalice.com/game.php?id=1042096"]
[Date "2012.3.24"]
[Round "-"]
[White "wvulcanis"]
[Black "Mike36bh"]
[Result "1-0"]
[WhiteElo "1630"]
[BlackElo "1786"]

1. d4 d5 2. c4 e6 3. Nf3 h6 4. Nc3 Nf6 5. Ne5 Be7 6. e3 O-O 7. Bd3 a6 8. O-O Nc6
9. a3 dxc4 10. Bxc4 Nxe5 11. dxe5 Nd7 12. f4 b5 13. Bb3 Bb7 14. Bc2 f5 15. exf6
Bxf6 16. e4 Be7 17. Qd3 Nc5 18. Qg3 Kh8 19. Qg6 Qd4+ 20. Kh1 Nd3 21. Ne2 Qc4 22.
Bxd3 Qb3 23. Qg3 Bd6 24. Nd4 Qa4 25. Bd2 Qxd4 26. Bc3 Bxf4 27. Qxf4 Qxd3 28. Rf3
Rxf4 29. Rxd3 Rxe4 30. Rad1 Re2 31. Rd7 Bxg2+ 32. Kg1 e5 33. Rxc7 Bf3 34. Rf7
Bh5 35. Rff1 e4 36. Rd7 Rg8 37. Ra7 Bf3 38. Rf2 Rxf2 39. Kxf2 Bh5 40. Rxa6 Rf8+
41. Ke3 Bf3 42. Rxh6+ Kg8 43. Rb6 Rf5 44. Rb7 Rg5 45. b3 Kh7 46. a4 bxa4 47.
bxa4 Kh6 48. a5 Rg2 49. a6 Re2+ 50. Kd4 e3 51. Re7 Ra2 52. Rxe3 Ba8 53. Re6+ g6
54. Ke3 Rxh2 55. Re8 Rh3+ 56. Kd4 Rh4+ 57. Kc5 Rh5+ 58. Kd6 Bf3 59. Ke6 Rc5 60.
Bd2+ g5 61. a7 Rc2 62. Kf6 Kh5 63. Bxg5 Ra2 64. Be3 Kg4 65. Rg8+ Kh3 66. Kf5 Ra3
67. Kf4 Bd5 68. Rg3+ Kh2 69. Bg1+ Kh1 70. Rxa3 Kxg1 71. a8=Q Bxa8 72. Rxa8 Kf2
73. Ra2+ 1-0

[Event "Challenge"]
[Site "http://www.queenalice.com/game.php?id=1042726"]
[Date "2012.3.25"]
[Round "-"]
[White "Mike36bh"]
[Black "Sigmund"]
[Result "0-1"]
[WhiteElo "1813"]
[BlackElo "1769"]

1. d4 d5 2. Nc3 e6 3. a3 Nf6 4. Bf4 Bd7 5. Nf3 Nc6 6. Nb5 Bd6 7. Bg5 Be7 8. Bxf6
Bxf6 9. e3 a6 10. Nc3 O-O 11. Bd3 g6 12. O-O e5 13. dxe5 Nxe5 14. Nxe5 Bxe5 15.
Nxd5 c6 16. Nf4 b5 17. c3 f5 18. Rb1 c5 19. c4 Qc7 20. Kh1 Bxf4 21. exf4 Qxf4
22. Bc2 Rad8 23. Qd5+ Rf7 24. cxb5 axb5 25. b3 Qc7 26. f4 Bc6 27. Qe5 Bxg2+ 28.
Kxg2 Rd2+ 29. Kh1 Qc6+ 30. Be4 fxe4 31. Kg1 e3 32. Qg5 Qe4 33. Rbe1 e2 34. Rf2
Rd1 35. Rxe2 Rxe1+ 36. Rxe1 Qxe1+ 37. Kg2 Qe4+ 38. Kg3 Rf5 39. Qd8+ Kg7 40. Qb8
Qe3+ 41. Kg4 h5+ 0-1

[Event "Challenge"]
[Site "http://www.queenalice.com/game.php?id=1042871"]
[Date "2012.3.26"]
[Round "-"]
[White "mitsho"]
[Black "Mike36bh"]
[Result "1-0"]
[WhiteElo "1684"]
[BlackElo "1763"]

1. d4 d5 2. c4 e6 3. Nf3 h6 4. e3 Nf6 5. Bd3 Be7 6. Nbd2 O-O 7. O-O dxc4 8. Bxc4
a6 9. a4 Nc6 10. b3 Bb4 11. Nb1 Ne4 12. Qd3 f5 13. Nbd2 Bxd2 14. Nxd2 Nb4 15.
Qb1 a5 16. Nxe4 b6 17. Nc3 Bb7 18. Ba3 Qg5 19. g3 Rfe8 20. Nb5 Rac8 21. Bxb4
axb4 22. a5 bxa5 23. Rxa5 h5 24. Ra7 Be4 25. Qd1 h4 26. Rxc7 Rb8 27. Nd6 Re7 28.
Rxe7 Qxe7 29. Nxe4 fxe4 30. Qg4 hxg3 31. fxg3 Rb6 32. Qxe4 Kh8 33. Qa8+ Kh7 34.
Bd3+ g6 35. Rf4 Qc7 36. Rh4+ Kg7 37. Qh8+ Kf7 38. Rh7# 1-0

[Event "Challenge"]
[Site "http://www.queenalice.com/game.php?id=1044989"]
[Date "2012.4.1"]
[Round "-"]
[White "Mike36bh"]
[Black "micbodu75"]
[Result "0-1"]
[WhiteElo "1764"]
[BlackElo "1766"]

1. d4 d5 2. Nc3 c6 3. e4 g6 4. e5 Qa5 5. Nf3 Bg4 6. h3 Bxf3 7. Qxf3 f5 8. g4 Bh6
9. g5 Bg7 10. Bd3 h6 11. Bd2 e6 12. h4 Nd7 13. Ne4 Qb6 14. Nd6+ Ke7 15. O-O-O
Qxd4 16. Bc3 Nxe5 17. Bxd4 Nxf3 18. Bxg7 Rh7 19. Nxf5+ gxf5 20. Bc3 Rc8 21. Be2
d4 22. g6 Rg7 23. Bxf3 dxc3 24. h5 cxb2+ 25. Kxb2 Rd8 26. Rde1 Rd4 27. Kc3 Rd6
28. Rb1 b6 29. Rhe1 Kf6 30. a4 c5 31. Ba8 Ne7 32. f4 Rg8 33. Bf3 Rgd8 34. Be2
Nd5+ 35. Kc4 Nxf4 36. c3 Nxe2 37. Rxe2 Rd5 38. Rbe1 e5 39. Rg2 Rd2 40. Rg3 Rh2
41. g7 Rg8 42. Rg6+ Kf7 43. Rxe5 Rxh5 44. Ree6 Rg5 45. Rxh6 R8xg7 46. Rc6 R7g6
47. Rc7+ Kf6 48. Rc6+ Kg7 49. Rhxg6+ Rxg6 50. Rc7+ Kf6 51. Rxa7 f4 52. Kd3 Kf5
53. a5 f3 54. Ke3 Kg4 55. Kf2 Re6 56. Rg7+ Kf4 57. a6 Re2+ 58. Kf1 Ke3 59. a7
Ra2 60. Re7+ Kd3 61. Rb7 Kxc3 62. Rxb6 Rxa7 63. Rf6 c4 64. Rxf3+ Kb4 65. Ke1 Rd7
66. Ke2 c3 67. Rf1 c2 68. Rc1 Kb3 0-1

[Event "Challenge"]
[Site "http://www.queenalice.com/game.php?id=1044990"]
[Date "2012.4.1"]
[Round "-"]
[White "micbodu75"]
[Black "Mike36bh"]
[Result "1-0"]
[WhiteElo "1727"]
[BlackElo "1789"]

1. e4 e5 2. Nf3 d6 3. Nc3 a6 4. d3 h6 5. Be3 Nf6 6. h3 Be7 7. Nd5 Nxd5 8. exd5
O-O 9. d4 exd4 10. Bxd4 Bf6 11. Be2 c6 12. O-O cxd5 13. Bxf6 Qxf6 14. c3 Qg6 15.
Bd3 Bf5 16. Nh4 Qf6 17. Nxf5 Nc6 18. f4 b5 19. Qb3 d4 20. c4 b4 21. Qa4 Rfc8 22.
Rac1 a5 23. Rf3 Ne7 24. g4 Nxf5 25. Bxf5 Rd8 26. Qd1 Re8 27. c5 dxc5 28. Rxc5
Qb6 29. Qxd4 Qb7 30. Kf2 Rad8 31. Qc4 Qb6 32. Re3 g6 33. Rxe8+ Rxe8 34. Bd3 Qf6
35. Kg3 Kg7 36. f5 g5 37. Rd5 Re3+ 38. Kf2 Rxh3 39. Qd4 Qxd4+ 40. Rxd4 Rh2+ 41.
Kg3 Rxb2 42. Bc4 a4 43. Rd7 Kf6 44. Bxf7 b3 45. axb3 a3 46. b4 a2 47. Ra7 Rxb4
48. Bxa2 Rb2 49. Ra3 Rd2 50. Bc4 Rc2 51. Bb3 Rc3+ 52. Kf2 Ke5 53. Ra5+ Kd4 54.
Be6 Rc2+ 55. Kf3 Rc3+ 56. Ke2 Re3+ 57. Kf2 Re4 58. Ra4+ Ke5 59. Rxe4+ Kxe4 60.
f6 Ke5 61. f7 1-0

[Event "Challenge"]
[Site "http://www.queenalice.com/game.php?id=1044991"]
[Date "2012.4.1"]
[Round "-"]
[White "Mike36bh"]
[Black "maurice91"]
[Result "1-0"]
[WhiteElo "1776"]
[BlackElo "1732"]

1. d4 d5 2. Nc3 c6 3. e4 dxe4 4. Nxe4 e5 5. Nf3 exd4 6. Qxd4 Qxd4 7. Nxd4 a6 8.
Be3 Be7 9. Bd3 Nf6 10. O-O Nxe4 11. Bxe4 O-O 12. Nf3 Bf6 13. c3 Be6 14. Rad1 Nd7
15. a3 g6 16. Bh6 Bg7 17. Bxg7 Kxg7 18. Ng5 Rfe8 19. Bc2 Nb6 20. Rfe1 Nc4 21.
Rd4 Nxb2 22. Rb4 Nc4 23. Nxe6+ fxe6 24. Rxc4 Re7 25. a4 Rc8 26. Bb3 c5 27. Rce4
c4 28. Bxc4 b5 29. axb5 axb5 30. Bxb5 Rxc3 31. h3 Kf6 32. Kh1 Rc5 33. Ba4 Rcc7
34. Bb3 e5 35. Rc4 Rb7 36. Bc2 h5 37. Re3 Rb6 38. Rf3+ Kg7 39. Rg3 h4 40. Rxh4
Rc7 41. Rhg4 Rxc2 42. Re3 Rxf2 43. Rxe5 Rf7 44. h4 Kh6 45. Re8 Rh7 46. Rf4 Re6
47. Rxe6 Kh5 48. Re5+ Kh6 49. g4 Rg7 50. Rg5 Kh7 51. Rf6 Kh6 52. h5 Kxg5 53.
Rxg6+ Rxg6 54. hxg6 Kxg6 55. Kh2 Kg5 56. Kh3 Kh6 57. Kh4 Kg6 58. g5 Kh7 59. Kh5
Kg7 60. g6 Kh8 61. Kh6 Kg8 62. g7 Kf7 63. Kh7 Kf6 64. g8=Q Kf5 65. Qc4 Ke5 66.
Kg6 Kd6 67. Kf6 Kd7 68. Qe6+ Kc7 69. Ke7 1-0

[Event "Challenge"]
[Site "http://www.queenalice.com/game.php?id=1044992"]
[Date "2012.4.1"]
[Round "-"]
[White "maurice91"]
[Black "Mike36bh"]
[Result "1-0"]
[WhiteElo "1713"]
[BlackElo "1795"]

1. d4 d5 2. c4 e6 3. Nc3 h6 4. Nf3 Nf6 5. Bf4 a6 6. h3 Bd7 7. e3 Bb4 8. Be2 Ne4
9. Rc1 O-O 10. O-O Bxc3 11. bxc3 Nc6 12. cxd5 exd5 13. c4 Ne7 14. cxd5 Nxd5 15.
Bh2 Ndc3 16. Rxc3 Nxc3 17. Qc2 Nb5 18. Rc1 Bc6 19. Ne5 Qg5 20. Nxc6 bxc6 21.
Qxc6 Rfc8 22. Bxb5 Qxb5 23. Qxb5 axb5 24. Rc2 b4 25. Rb2 Ra4 26. g4 f6 27. f4 c6
28. f5 Re8 29. Bf4 Kf7 30. h4 g5 31. fxg6+ Kxg6 32. Kf2 Rc8 33. Bd6 f5 34. gxf5+
Kxf5 35. Bxb4 Kg4 36. Be7 h5 37. Bg5 Rf8+ 38. Ke2 Kg3 39. Kd3 Kf3 40. e4 Ra3+
41. Kc4 Ra4+ 42. Kc5 Kxe4 43. Re2+ Kd3 44. Re3+ Kc2 45. Re2+ Kc3 46. Re3+ Kc2
47. Re2+ Kd1 48. Rd2+ Ke1 49. Kxc6 Ra5 50. d5 Rg8 51. Rg2 Ra6+ 52. Kb5 Ra7 53.
Bd2+ Kd1 54. Rxg8 Kxd2 55. Kb6 Ra4 56. d6 Rxh4 57. d7 Rb4+ 58. Kc5 Rg4 59. d8=Q+
Kc2 60. Rxg4 hxg4 61. Qh4 Kb2 62. Qxg4 Kxa2 63. Qb4 Ka1 64. Kc4 Ka2 65. Kc3 1-0

[Event "Challenge"]
[Site "http://www.queenalice.com/game.php?id=1044993"]
[Date "2012.4.1"]
[Round "-"]
[White "Mike36bh"]
[Black "GrandpaRichard"]
[Result "0-1"]
[WhiteElo "1764"]
[BlackElo "1773"]

1. d4 d5 2. Nc3 e6 3. a3 Nc6 4. Nf3 h6 5. e4 Nf6 6. Bd3 dxe4 7. Bxe4 Nxe4 8.
Nxe4 f5 9. Nc3 a6 10. O-O Qd6 11. Ne2 g5 12. Ne5 Nxe5 13. dxe5 Qxe5 14. Nc3 Bc5
15. Qh5+ Kd7 16. Na4 Bd6 17. Nc3 b6 18. Kh1 Bb7 19. f4 gxf4 20. Bxf4 Qd4 21.
Qf7+ Kc6 22. Bxd6 cxd6 23. Qxe6 f4 24. Rad1 Qe5 25. Qc4+ Kd7 26. Rxf4 Rac8 27.
Qd4 Qxd4 28. Rfxd4 Rc6 29. Ne4 Kc7 30. c4 Rd8 31. b3 a5 32. a4 Bc8 33. h3 Bf5
34. Nc3 Bc2 35. Nb5+ Kd7 36. Rxd6+ Rxd6 37. Rxd6+ Ke7 38. Rxb6 Bxb3 39. Rxh6
Bxc4 40. Rh5 Bb3 41. Rh4 Rg8 42. Nc3 Rc8 43. Nd5+ Bxd5 44. Rh5 Rc1+ 45. Kh2 Kd6
46. h4 Rc4 47. Rh6+ Kc5 48. h5 Rxa4 49. Rh8 Rh4+ 50. Kg3 Rh1 51. h6 Be4 52. Kg4
a4 53. Kg5 a3 54. Rc8+ Kb4 55. Rb8+ Ka4 56. Rd8 Kb3 57. Rb8+ Kc3 58. Rc8+ Kb2
59. Rb8+ Ka1 60. g4 a2 61. Rb6 Rb1 62. Re6 Bh7 63. Re2 Rb5+ 64. Kf6 Rb7 65. g5
Kb1 66. Re1+ Kb2 67. g6 Rb6+ 68. Kg7 Bxg6 69. h7 Bxh7 70. Kxh7 a1=Q 71. Rxa1
Kxa1 72. Kg7 Kb2 73. Kf7 Kc3 0-1

[Event "Challenge"]
[Site "http://www.queenalice.com/game.php?id=1044995"]
[Date "2012.4.1"]
[Round "-"]
[White "Mike36bh"]
[Black "kuntakinte"]
[Result "1-0"]
[WhiteElo "1769"]
[BlackElo "1732"]

1. d4 d5 2. Nc3 e6 3. a3 c6 4. e4 dxe4 5. Nxe4 Be7 6. Nf3 Nf6 7. Nxf6+ Bxf6 8.
Bc4 O-O 9. O-O b5 10. Ba2 Ba6 11. Re1 Bb7 12. c3 Na6 13. b4 Nc7 14. Bb2 a6 15.
Qc2 g6 16. Rad1 Qd6 17. Bc1 Bg7 18. c4 a5 19. c5 Qe7 20. Bg5 f6 21. Be3 Kh8 22.
Bd2 Bc8 23. bxa5 f5 24. Bb4 Nd5 25. Bxd5 cxd5 26. c6 Qc7 27. Bxf8 Bxf8 28. Ne5
Rxa5 29. h3 Bxa3 30. Re2 Bd6 31. Ree1 b4 32. Ra1 Rb5 33. Qa4 Ra5 34. Qxa5 Qxa5
35. Rxa5 b3 36. Nf7+ 1-0

[Event "Challenge"]
[Site "http://www.queenalice.com/game.php?id=1044996"]
[Date "2012.4.1"]
[Round "-"]
[White "GrandpaRichard"]
[Black "Mike36bh"]
[Result "0-1"]
[WhiteElo "1791"]
[BlackElo "1744"]

1. e4 e5 2. Nf3 d6 3. d4 exd4 4. Nxd4 Be7 5. Nc3 Nf6 6. Bc4 O-O 7. Bf4 a6 8. a4
Bg4 9. Qd2 c5 10. Nde2 Nc6 11. h3 Bxe2 12. Bxe2 Qb6 13. b3 Qd8 14. O-O Nd4 15.
Bc4 h6 16. Ne2 Nxe4 17. Qd1 Nxe2+ 18. Qxe2 d5 19. Bd3 Nc3 20. Qe5 Bf6 21. Qc7
Qxc7 22. Bxc7 Ne4 23. Rfe1 Bxa1 24. Rxa1 f5 25. f3 Nc3 26. Bd6 Rf7 27. Bxc5 Rc8
28. Bd4 Kh8 29. Re1 Na2 30. Re6 Nb4 31. Rxh6+ Kg8 32. Rh5 Nxc2 33. Bxf5 Rxf5 34.
Rxf5 Nxd4 35. Rxd5 Nxb3 36. g4 Nc5 37. Rd4 Rf8 38. Kg2 Ne6 39. Rb4 Rf7 40. Kg3
Ng5 41. f4 Ne6 42. f5 Nd8 43. h4 Nc6 44. Re4 Kf8 45. h5 Rd7 46. Kf4 b5 47. axb5
axb5 48. Kg5 b4 49. Re2 b3 50. h6 gxh6+ 51. Kxh6 Rb7 52. Rb2 Ne5 53. g5 Rb6+ 54.
g6 Ng4+ 55. Kg5 Nf6 56. Rxb3 Rxb3 57. Kxf6 Rb6+ 58. Kg5 Kg7 59. Kf4 Kf6 60. Kg4
Rb5 0-1

[Event "Challenge"]
[Site "http://www.queenalice.com/game.php?id=1044997"]
[Date "2012.4.1"]
[Round "-"]
[White "Mike36bh"]
[Black "ensito"]
[Result "1-0"]
[WhiteElo "1747"]
[BlackElo "1819"]

1. d4 d5 2. Nc3 e6 3. a3 Bd6 4. e4 c6 5. e5 Be7 6. Nf3 Bd7 7. Be2 b5 8. b4 g6 9.
Bg5 Bxg5 10. O-O Bh6 11. Nd2 Bxd2 12. Qxd2 Ne7 13. a4 a6 14. axb5 cxb5 15. f4
Nf5 16. Nd1 O-O 17. Nf2 Nc6 18. c3 Nce7 19. Ng4 Nc6 20. Nf6+ Kh8 21. Bg4 Nh6 22.
Bf3 Ng8 23. Ng4 f5 24. Ne3 a5 25. bxa5 Rxa5 26. Rxa5 Nxa5 27. h3 Ne7 28. Be2 Bc6
29. Qb2 Qb8 30. Qb4 Qc7 31. Ra1 Ra8 32. Bxb5 Bxb5 33. Qxb5 Nec6 34. Kh1 Na7 35.
Qxa5 Qb8 36. Qa6 Qe8 37. Qb7 Qb8 38. Qf7 Nc6 39. Qf6+ Kg8 40. Qxe6+ Kf8 41. Qf6+
Kg8 42. Rg1 Qb7 43. Nxd5 Ra7 44. Qe6+ Kf8 45. Nf6 Ne7 46. Nxh7+ Ke8 47. Nf6+ Kd8
48. Qc4 Ra8 49. d5 Rc8 50. Qd4 Rb8 51. d6 Nc6 52. Qd5 1-0

[Event "Challenge"]
[Site "http://www.queenalice.com/game.php?id=1046547"]
[Date "2012.4.6"]
[Round "-"]
[White "kuntakinte"]
[Black "Mike36bh"]
[Result "0-1"]
[WhiteElo "1729"]
[BlackElo "1784"]

1. e4 e5 2. Nf3 d6 3. d4 exd4 4. Nxd4 Be7 5. Bb5+ Bd7 6. Bxd7+ Qxd7 7. Nf5 Bf6
8. O-O Ne7 9. Re1 O-O 10. Qf3 Nbc6 11. c3 Ne5 12. Qh3 Nxf5 13. exf5 c5 14. b3 b5
15. Re4 Qc6 16. Nd2 d5 17. Re2 c4 18. Ba3 Rfe8 19. Nf3 Nd3 20. Rxe8+ Rxe8 21.
Nd4 Bxd4 22. cxd4 b4 23. Bc1 Re1# 0-1

[Event "Challenge"]
[Site "http://www.queenalice.com/game.php?id=1047181"]
[Date "2012.4.9"]
[Round "-"]
[White "Mike36bh"]
[Black "Sigmund"]
[Result "1-0"]
[WhiteElo "1748"]
[BlackElo "1767"]

1. d4 Nf6 2. d5 g6 3. Nc3 Bg7 4. e4 d6 5. h3 e5 6. Nf3 O-O 7. Bd3 Nbd7 8. O-O
Nc5 9. a3 Nh5 10. Be3 Nf4 11. Bxf4 exf4 12. Qd2 Be5 13. Nxe5 dxe5 14. f3 a6 15.
Bc4 c6 16. b4 Nd7 17. d6 Nf6 18. Bb3 Be6 19. Bxe6 fxe6 20. Na4 b6 21. c4 Qb8 22.
c5 bxc5 23. bxc5 Rd8 24. Nb6 Ra7 25. Rab1 Rb7 26. a4 Qa7 27. a5 g5 28. Rfd1 h5
29. Qa2 Kf7 30. Qb2 g4 31. fxg4 Nxe4 32. Qxe5 hxg4 33. Qxe4 Rg8 34. Qxf4+ Ke8
35. d7+ Kd8 36. Qf6+ 1-0

[Event "Challenge"]
[Site "http://www.queenalice.com/game.php?id=1047538"]
[Date "2012.4.10"]
[Round "-"]
[White "almanak"]
[Black "Mike36bh"]
[Result "0-1"]
[WhiteElo "1836"]
[BlackElo "1736"]

1. g3 d5 2. Bg2 e5 3. e4 d4 4. d3 h6 5. a3 Nf6 6. Bd2 Be7 7. Nf3 Nc6 8. c3 Bg4
9. Qa4 Bxf3 10. Bxf3 a6 11. c4 O-O 12. Qd1 b5 13. b3 bxc4 14. bxc4 Bc5 15. O-O
a5 16. a4 Bb4 17. Bxb4 Nxb4 18. Na3 c6 19. c5 Rb8 20. Nc4 Qe7 21. Nxa5 Qxc5 22.
Nb3 Qd6 23. a5 c5 24. Nd2 Qa6 25. Nc4 Nd7 26. Bg4 Nf6 27. Bh3 Rfe8 28. Qe2 Nh7
29. f4 exf4 0-1

[Event "Challenge"]
[Site "http://www.queenalice.com/game.php?id=1049104"]
[Date "2012.4.15"]
[Round "-"]
[White "Mike36bh"]
[Black "maurice91"]
[Result "1-0"]
[WhiteElo "1771"]
[BlackElo "1749"]

1. d4 d5 2. Nc3 c6 3. e4 dxe4 4. Nxe4 Nd7 5. Nf3 g6 6. Bc4 Bg7 7. Nfg5 e6 8.
Nd6+ Ke7 9. Bf4 Nh6 10. Bb3 f6 11. Nf3 Nf5 12. Nc4 b5 13. Ne3 Nxe3 14. fxe3 Nb6
15. O-O Nd5 16. Bxd5 cxd5 17. Qd2 Bd7 18. Qb4+ Kf7 19. b3 Qc8 20. Rac1 Bf8 21.
Qd2 a5 22. c3 Be7 23. Bh6 Qb7 24. Rb1 Rhg8 25. h3 g5 26. Qd3 f5 27. Ne5+ Kf6 28.
g4 Bd6 29. gxf5 exf5 30. Rb2 Bxe5 31. dxe5+ Kxe5 32. Qd4+ Ke6 33. Bg7 Qc7 34.
Qf6# 1-0

[Event "Challenge"]
[Site "http://www.queenalice.com/game.php?id=1049105"]
[Date "2012.4.15"]
[Round "-"]
[White "maurice91"]
[Black "Mike36bh"]
[Result "1-0"]
[WhiteElo "1721"]
[BlackElo "1765"]

1. d4 d5 2. c4 e6 3. Nc3 h6 4. Nf3 Nc6 5. Bf4 Nf6 6. h3 Bb4 7. cxd5 Nxd5 8. Bd2
O-O 9. e4 Nxc3 10. bxc3 Be7 11. Bd3 f5 12. e5 a6 13. O-O b5 14. Nh2 Bb7 15. f4
Bh4 16. Be1 Bxe1 17. Qxe1 Ne7 18. a3 Qe8 19. Rc1 Qg6 20. g4 Qe8 21. Qg3 Rd8 22.
Be2 Kh8 23. Bf3 Bxf3 24. Qxf3 c6 25. Qe3 Qg6 26. Qg3 h5 27. g5 Nd5 28. h4 Rf7
29. Qe1 Rc8 30. c4 bxc4 31. Rxc4 Rd7 32. Qa5 Ra7 33. Qd2 Kg8 34. Rfc1 Ne7 35.
Nf3 a5 36. a4 Qe8 37. Rc5 Qd8 38. Qa2 Qd7 39. Qc4 g6 40. Nd2 Kf7 41. Kg2 Qb7 42.
Nb3 Qb6 43. Rc3 Ra6 44. Nd2 Nd5 45. Rf3 Qc7 46. Qxa6 Rb8 47. Rxc6 Qd7 48. Rd6
Qxa4 49. Rxd5 exd5 50. Qa7+ 1-0

[Event "Challenge"]
[Site "http://www.queenalice.com/game.php?id=1053757"]
[Date "2012.4.28"]
[Round "-"]
[White "Mike36bh"]
[Black "Sigmund"]
[Result "1-0"]
[WhiteElo "1752"]
[BlackElo "1633"]

1. d4 b6 2. e4 Bb7 3. Nc3 e6 4. a3 Nc6 5. d5 exd5 6. exd5 Ne5 7. Bf4 Bd6 8. Be3
Qe7 9. Nf3 O-O-O 10. Be2 h6 11. O-O g5 12. Bd4 f6 13. b4 g4 14. Nh4 h5 15. Nf5
Qh7 16. Nxd6+ 1-0

[Event "Challenge"]
[Site "http://www.queenalice.com/game.php?id=1054608"]
[Date "2012.4.30"]
[Round "-"]
[White "jeffcom2f"]
[Black "Mike36bh"]
[Result "0-1"]
[WhiteElo "1800"]
[BlackElo "1748"]

1. e4 e5 2. Nf3 d6 3. Be2 Nf6 4. Nc3 a6 5. O-O Be7 6. Bc4 h6 7. d3 Nc6 8. Qe2
Bg4 9. Be3 O-O 10. Rad1 b5 11. Bb3 b4 12. Nb1 a5 13. a3 Nd4 14. Bxd4 exd4 15. h3
Bxf3 16. Qxf3 c5 17. g4 Nd7 18. Kh2 Ne5 19. Qf4 Bg5 20. Qg3 Bh4 21. Qg2 a4 22.
Ba2 Rb8 23. f4 Nc6 24. e5 Ne7 25. exd6 Qxd6 26. Qe4 b3 27. cxb3 axb3 28. Bxb3
Rxb3 29. Qe5 Rxb2+ 30. Kh1 Qc6+ 0-1

[Event "Challenge"]
[Site "http://www.queenalice.com/game.php?id=1057553"]
[Date "2012.5.8"]
[Round "-"]
[White "bdpq"]
[Black "Mike36bh"]
[Result "0-1"]
[WhiteElo "1169"]
[BlackElo "1762"]

1. b4 c6 2. d4 d5 3. c3 h6 4. Bf4 Nf6 5. e3 e6 6. Na3 Bd6 7. Bxd6 Qxd6 8. Nf3
O-O 9. Bd3 Nbd7 10. O-O e5 11. dxe5 Nxe5 12. Nxe5 Qxe5 13. Qc2 a6 14. Rfe1 Qg5
15. g3 Re8 16. c4 d4 17. exd4 Bh3 18. c5 Qd5 19. Bh7+ Nxh7 20. Re4 Qxe4 21. f3
Qxf3 22. Qf2 Qxa3 23. Rb1 Qd3 24. Re1 Rxe1+ 25. Qxe1 Qxd4+ 26. Kh1 Qd5+ 27. Kg1
Qg2# 0-1

[Event "Challenge"]
[Site "http://www.queenalice.com/game.php?id=1057554"]
[Date "2012.5.8"]
[Round "-"]
[White "Mike36bh"]
[Black "bdpq"]
[Result "0-1"]
[WhiteElo "1766"]
[BlackElo "1259"]

1. d4 d5 2. Nc3 e6 3. a3 Nf6 4. Bf4 Nh5 5. e3 Nxf4 6. exf4 Bd6 7. Qg4 Qf6 8. g3
Nc6 9. Nge2 Nxd4 10. Nxd4 Qxd4 11. Bg2 O-O 12. O-O e5 13. Qe2 exf4 14. Rad1 Qf6
15. Nxd5 Qd8 16. Nxf4 Bd7 17. Bxb7 Rb8 18. Bf3 Bxf4 19. gxf4 Qc8 20. b4 Bb5 21.
c4 Re8 22. Qc2 Bd7 23. b5 Bf5 24. Qc3 Qe6 25. Rde1 Qg6+ 26. Bg2 Bh3 27. Qxh3
Red8 28. Rd1 Rxd1 29. Rxd1 h6 30. f5 Qf6 31. a4 Re8 32. a5 Re5 33. Rd5 Re1+ 34.
Bf1 Qg5+ 35. Qg2 Qf4 36. b6 cxb6 37. axb6 axb6 38. c5 bxc5 39. Rxc5 Qd4 40. f6
Qxf6 41. Rc8+ Kh7 42. Rc2 Re5 43. Re2 Rg5 44. Qxg5 Qxg5+ 45. Kh1 f5 46. f3 f4
47. Rg2 Qh5 48. Rg4 Qe5 49. Rg2 Qe3 50. Be2 g5 51. h3 Kg6 52. h4 Qe6 53. Kh2 Qe8
54. Bd3+ Kf6 55. Kh3 Qd7+ 0-1